Horizons

There are many things we love about this textbook. It is very interactive, the abundant exercises are cleverly designed to get students speaking and interacting, and for the most part, the activities are fun and interesting for the students. The authors have provided a plethora of annotations with n...

Fuld beskrivelse

Đã lưu trong:
Bibliografiske detaljer
Format: Bog
Sprog:Undetermined
Udgivet: Australia Heinle & Heinle 2006
Fag:
Tags: Tilføj Tag
Ingen Tags, Vær først til at tagge denne postø!
Thư viện lưu trữ: Trung tâm Học liệu Trường Đại học Cần Thơ
LEADER 01335nam a2200217Ia 4500
001 CTU_156229
008 210402s9999 xx 000 0 und d
020 |c 135.70 
082 |a 448.2421 
082 |b H811 
245 0 |a Horizons 
245 0 |c Joan H. Manley... [et al.] 
260 |a Australia 
260 |b Heinle & Heinle 
260 |c 2006 
520 |a There are many things we love about this textbook. It is very interactive, the abundant exercises are cleverly designed to get students speaking and interacting, and for the most part, the activities are fun and interesting for the students. The authors have provided a plethora of annotations with neat ideas for reviewing and practicing material. I always tell our adjuncts that just using the ideas in the book will make you seem so smart and creative. We also like the amount of materials provided. It's not too cram-packed with distracting pictures and text, but there is enough to keep the students on their toes. The grammar covered is just enough. Many of the finer grammar points are dropped in favor of a more holistic approach and a greater emphasis on culture and communication. 
650 |a French language,Tiếng Pháp 
650 |x English,Anh 
904 |i Trọng Hải 
915 |a 400 
980 |a Trung tâm Học liệu Trường Đại học Cần Thơ